000 00861nam a2200217Ia 4500
001 15692
005 20260311175422.0
008 260306t2019||||xx |||||||||||||| ||und||
041 _aESP
082 _a577
_bC17
100 _aCalixto Flores, Raúl
_eAUT
245 0 _aEcología y medio ambiente
260 _c2019
300 _a166 páginas :
_c25 cm.
650 _aGEN
654 _aCIA
856 _uhttps://itmsp.museknowledge.com/UCSP?url=https://www.ebooks7-24.com:443/?il=8954&pg=1
_zVersión digital
856 _uhttps://0u213s3uy-y-https-ebooks7--24-com.itmsp.museknowledge.com/biblioteca.aspx?t=DAFD4E77-3125-4E71-9339-9FF5B2F93EB3
_zVéase además: Base de datos Ebook7-24
856 _uhttps://0u20fs3z6-y-https-research-ebsco-com.itmsp.museknowledge.com/c/qxo6us/search
_zVéase además: Base de datos EBSCOhost
942 _cLIB
_dJUS
_fJUS
_2ddc
999 _c15692
_d15692